000 00351nam a2200145Ia 4500
008 191201s2009 xx 000 0 und d
082 _a658.15
_bSHI
100 _aSHARAN Vyuptakesh
245 0 _aInternational Business, Concept Environment
250 _a6th
260 _aN.Delhi
_bPearson
_c2009
300 _a554
650 _aMBA
942 _2ddc
_cBK
999 _c4122
_d4122